Romanian Counties - Statistics

General Stats
  • This quiz has been taken 157 times
  • The average score is 29 of 41
Answer Stats
Answer % Correct
Arad
91%
Constanta
90%
Ilfov
88%
Brasov
87%
Timis
86%
Iasi
84%
Alba
82%
Cluj
82%
Maramures
82%
Tulcea
81%
Arges
75%
Galati
75%
Mures
75%
Suceava
74%
Botosani
73%
Buzau
73%
Satu Mare
71%
Covasna
70%
Neamt
70%
Sibiu
70%
Vaslui
70%
Bacau
69%
Bihor
69%
Braila
69%
Dolj
69%
Ialomita
69%
Gorj
66%
Hunedoara
66%
Bistrita Nasaud
65%
Olt
65%
Calarasi
64%
Harghita
64%
Vrancea
64%
Teleorman
62%
Prahova
57%
Salaj
57%
Mehedinti
56%
Caras Severin
55%
Valcea
55%
Giurgiu
51%
Dambovita
49%
No matching quizzes found
Score Distribution
Percent of People with Each Score
Percentile by Number Answered
Your Score History
You have not taken this quiz